00289nam a2200133Ia 4500003000900000008004100009040001300050040001300063245004600076245001100122260000800133300000800141490000600149IT-RoPAU120407s9999 xx 000 0 und d aIT-RoPAU cIT-RoPAU aIn preghiera con Maria la Madre di Gesù€ cAA.VV. aCei c cm v1